Catastro: Conceptos técnicos, avances, sistemas, aplicaciones

Guardado en:
Bibliografiske detaljer
Hovedforfatter: Dobner Eberl, Horst Karl Compilador
Format: Bog
Sprog:Spanish
Udgivet: México : Editorial Concepto 1981
Fag:
Tags: Tilføj Tag
Ingen Tags, Vær først til at tagge denne postø!

MARC

LEADER 00000nam a2200000Ia 4500
003 002812
005 20221231143951.0
008 140114s1981 mx a 000 ||spa d
040 |c cru CEDI 
082 |a 526.920 D632c 
100 |a Dobner Eberl, Horst Karl  |9 19012  |d Compilador 
245 |a Catastro: Conceptos técnicos, avances, sistemas, aplicaciones 
260 |a México : Editorial Concepto  |c 1981 
300 |a 237 páginas 
651 |x CATASTRO  |x CATASTRO-- METODOLOGIA  |9 19013 
942 |2 ddc  |c BK 
999 |c 14935  |d 14935